000 00902nac a22003017a 4500
001 BR2011002646
003 BR-BrBNA
005 20240105123914.0
008 230509b bl.|||m| |||| 00| 0 por d
040 _aBR-BrBNA
_bpor
_cBiblioteca Nacional de Agricultura
072 _aF03
090 _a3575 BR2011002646
100 1 _aLopes, A.C.A.
100 1 _aNascimento, W.M.
110 1 _aEMBRAPA Hortaliças, Brasília, DF (Brasil)
245 1 _aAmostragem de sementes para análise em laboratório
260 3 _aBrasília, DF (Brasil):
_c2009.
300 _a7 p.
490 _aCircular Técnica - EMNRAPA Hortaliças (Brazil)
_vno. 81
_xISSN 1415-3033
650 _aSEMENTE
650 _aAMOSTRAGEM
650 _aLABORATÓRIO
650 _aSEMEADURA
650 _aHORTALIÇA
650 _aTESTE DE SEMENTES
909 _a202312
_bLúcia Elande
_c55
_dLúcia Elande
942 _2AGRIS
_n0
_cMS
999 _c297490
_d297490